1893 1877 1026 1118 1070 1852 1649 1231 1860 1229 1428 1384 1406 1517 1008 1949 1961 1630 1668 1834 1810 1800 1964 1888 1011 1552 1937 1886 1779 1406 1790 1690 1179 1736 1068 1586 1255 1337 1417 1041 1342 1869 1529 1622 1156 1095 1382 1695 1105 1408 1001 1052 1379 1475 1614 1224 1110 1235 1847 1947 1886 1949 1828 1830 1073 1106 1232 1331 1548 1408 1323 1118 1726 1072 1212 1575 1061 1366 1165 1823 1434 1314 1088 1277 1452 1800 1318 1209 1272 1615 1301 1582 1713 1252 1144 1118 1005 1244 1078 BCNSPRNW ULIB Ver.6.0+V

เปลี่ยนเป็นภาษาไทย

Change to English
 แสดงรายละเอียดบรรณานุกรม
  กลับหน้าหลัก

Brief Record : Get Marc (ISO 2709) : E-mail record : QR code < ปิดหน้าต่าง
LEADER : 00000nam 2200000uu 4500
001    13399112539
003     ULIB
008    110823s2552||||th 000 0 tha d
020    9786167024158
090    นว.^bน471M 2552
100 0  นามาเอะ
245 00 My Sweet Heart ป่วนหัวใจนายกะล่อน/^cนามาเอะ
250    พิมพ์ครั้งที่ 1
260    กรุงเทพฯ :^bแฮปปี้บุ๊คส์,^c2552
300    192 หน้า
710 1  แฮปปี้บุ๊คส์
945    ^p160^l0^i16291
995    กัณชพร
999    ^aใช้งานได้ทุกระบบ
รายการนี้ยังไม่มีแท็ก
คุณยังไม่ได้ล็อกอิน คุณสามารถมีกิจกรรมร่วมกับเว็บไซต์ได้ แต่ต้องล็อกอินก่อน ::
  ล็อกอิน

รายการสื่อสารสนเทศ

ลำดับที่ ประเภท เลขเรียก/บาร์โค้ด สถานที่ สถานะ
1. นวนิยาย
นวนิยาย
นว. น471M 2552  
  Barcode: 16291
ห้องสมุดวิทยาเขตสวรรค์ประชารักษ์
►นวนิยาย
บนชั้น
  ขอยืม

BibComment


ยังไม่เคยถูกคอมเมนท์

คอมเมนท์ทรัพยากรรายการนี้
  คอมเมนท์: My Sweet Heart ป่..


 Copyright 2026. Bcnsprnw @Library